Statistics for FC Barcelona - Sevilla FC UEFA Super Cup 2015

Click here to take the quiz!

General Stats

  • This quiz has been taken 165 times
  • The average score is 15 of 30

Answer Stats

Answer% Correct
Lionel Messi ²
100%
Luis Suarez ¹
99%
Gérard Piqué
95%
Andrès Iniesta
93%
Marc ter Stegen
93%
Sergio Busquets
90%
Daniel Alvès
81%
Ivan Rakitic
80%
Javier Mascherano
71%
Pedro ¹
68%
Luis Enrique
67%
Sergi Roberto
52%
Ever Banega ¹
51%
Rafinha ¹
49%
Jérémy Mathieu
47%
Unai Emery
39%
Kévin Gameiro ¹
38%
Marc Bartra
30%
Yevhen Konoplyanka ¹
30%
José Reyes ¹
29%
Beto
27%
Grzegorz Krychowiak
26%
Coke
25%
Ciro Immobile
23%
Adil Rami
21%
Vicente Iborra
20%
Victor Vitolo
20%
Benoît Trémoulinas
18%
Mariano
18%
Michael Krohn-Dehli
11%

Score Distribution

Percentile by Number Answered

Percent of People with Each Score

Your Score History

You have not taken this quiz